| 000 | 00951nam a22003017a 4500 | ||
|---|---|---|---|
| 001 | BR0305056 | ||
| 003 | BR-BrBNA | ||
| 005 | 20230928101415.0 | ||
| 007 | ta | ||
| 008 | 230509b bl.||||| |||| 00| 0 por d | ||
| 040 |
_aBR-BrBNA _bpor _cBiblioteca Nacional de Agricultura |
||
| 041 | _a(Por) | ||
| 072 | _aP05 | ||
| 090 | _ P05 BR0305056 | ||
| 100 | 1 | _aLima, I.B.T. de | |
| 110 | 1 |
_aCentro de Energia Nuclear na Agricultura, Piracicaba, SP (Brasil) _0Tese (Doutor em Ciências) |
|
| 245 | 1 | _aEmissão de metano por reservatórios hidrelétricos amazônicos através de leis de potência | |
| 260 | 3 |
_aPiracicaba, SP (Brasil): _c2002. |
|
| 300 | _a108 p. | ||
| 500 | _aSummaries (Eng, Por); Bibliography p. 92-108; 17 tables; 47 illus. | ||
| 650 | _aHIDRELÉTRICA | ||
| 650 | _aRESERVATÓRIO DE ÁGUA | ||
| 650 | _aMETANO | ||
| 650 | _aHIDROCARBONETO | ||
| 650 | _aAMAZÔNIA | ||
| 909 |
_a202309 _bLucia _c55 _dLucia Elande |
||
| 942 | _cBK | ||
| 999 |
_c65671 _d65671 |
||